Koalícia: Chceme šetriť, chceme to niektorí koaliční poslanci by chceli, aby vláda v štátnom ...

Podrobná bibliografia
Hlavný autor: Jančík, Ľuboš (Autor)
Médium: Článok
Jazyk:slovenčina
Fyzický popis:Fotogr., grafy
ISSN:1335-440X
Predmet:

MARC

LEADER 00000nab a2200000 ar4500
001 vtls010023433
003 SK-MaSNL
005 20260426071536.0
008 091120c20090717xo dr|n|||||||000 b|slo
015 |a SNBRB2009/11  |2 snkbucl 
040 |a SNKBUCL  |b slo  |c SNKBUCL  |e AACR2 
041 0 |a slo 
044 |a xo  |c SK 
080 |a 329.051:336.14  |x (437.6)  |2 2001 
080 |a 328.132.4  |x (437.6)  |2 2001 
080 |a 336.14  |x (437.6)  |2 2001 
100 1 |a Jančík, Ľuboš  |4 aut  |9 839570 
245 1 0 |a Koalícia: Chceme šetriť, chceme to  |b niektorí koaliční poslanci by chceli, aby vláda v štátnom ...  |c Ľuboš Jančík 
300 |b Fotogr., grafy 
648 7 |a 2009  |2 snkbucl  |9 320114 
650 0 7 |a štátny rozpočet  |2 snkbucl  |9 2364 
650 0 7 |a vládne koalície  |2 snkbucl  |9 4812 
650 0 7 |a poslanci  |2 snkbucl  |9 1797 
651 7 |a Slovensko  |2 snkbucl  |9 14231 
773 0 |t Sme  |g Roč. 17, č. 164 (17.7.2009), s. 6  |x 1335-440X 
852 |a SNK  |b KIS3GCP 
958 |a SK 
999 |c 2679549  |d 2681479